000 00483nam a2200145Ia 4500
008 151213s9999 xx 000 0 und d
100 _aBob Reselman , Wayne Pruchnick & Rechard A. Peasley.
245 _aUsing Visual Basic
_cBob Reselman , Wayne Pruchnick & Rechard A. Peasley.
260 _aNew Delhi
_bPrentic Hall Of India
_c2002
300 _a1666 p.
650 _aComputer
650 _aComputer
700 _aBob Reselman , Wayne Pruchnick & Rechard A. Peasley.
999 _c1249
_d1249